| 000 | 00900nam a2200265 a 4500 | ||
|---|---|---|---|
| 999 |
_c3832 _d3832 |
||
| 001 | 19283 | ||
| 003 | BD-DhUAP | ||
| 005 | 20200312145351.0 | ||
| 008 | 200312r20032002enka b 001 0 eng d | ||
| 020 | _a0521653800 | ||
| 020 | _a9780521653800 | ||
| 040 |
_aBD-DhUAP _cBD-DhUAP _dBD-DhUAP _bEng |
||
| 082 | 0 | 0 |
_a418.4 ISS _223 |
| 245 |
_aIssues in computer-adaptive testing of reading proficiency / _cedited by Micheline Chalhoub-Deville. |
||
| 260 |
_aCambridge : _bCambridge University Press, _c©1999. |
||
| 300 |
_axvii, 238 pages : _billustrations ; _c23 cm. |
||
| 490 |
_aStudies in language testing ; _v10. |
||
| 504 | _aIncludes bibliographical references and index. | ||
| 650 | _aComputer adaptive testing | ||
| 650 | _aReading--Ability testing. | ||
| 700 | _aChalhoub-Deville, Micheline | ||
| 942 |
_2ddc _cBK |
||